Estadísticas para Equipos que han jugado en Primera División

Haz click aquí para intentar la prueba.

Estadísticas generales

  • Esta prueba ha sido intentada 103 veces
    (92 desde el último reinicio)
  • La puntuación promedio es 49 de 63

Estadísticas de respuestas

Nº temporadasActualmenteClub% Correcto
931ª DivisiónAthletic Club
100%
931ª DivisiónF.C. Barcelona
100%
931ª DivisiónReal Madrid C.F.
100%
801ª DivisiónSevilla F.C.
100%
891ª DivisiónValencia C.F.
100%
871ª DivisiónClub Atlético de Madrid
97%
191ª DivisiónGetafe C.F.
95%
581ª DivisiónReal Betis Balompié
95%
41ª DivisiónGirona F.C.
94%
271ª DivisiónGranada C.F.
94%
211ª DivisiónRayo Vallecano de Madrid
94%
581ª DivisiónR.C. Celta de Vigo
92%
461ª RFEFR.C. Deportivo de La Coruña
92%
872ª DivisiónR.C.D. Espanyol
92%
771ª DivisiónReal Sociedad de Fútbol
92%
351ª DivisiónU.D. Las Palmas
92%
2DesaparecidoA.D. Almería
91%
161ª DivisiónCádiz C.F.
91%
421ª DivisiónC.A. Osasuna
91%
20DesaparecidoC.D. Málaga
91%
132ª DivisiónC.D. Tenerife
91%
171ª RFEFMálaga C.F.
91%
311ª DivisiónR.C.D. Mallorca
91%
462ª DivisiónReal Valladolid C.F.
91%
81ª DivisiónU.D. Almería
91%
582ª DivisiónReal Zaragoza
89%
241ª DivisiónVillarreal C.F.
89%
242ª DivisiónElche C.F.
86%
22ª DivisiónS.D. Huesca
86%
181ª DivisiónDeportivo Alavés
85%
382ª DivisiónReal Oviedo
85%
442ª DivisiónReal Racing Club de Santander
85%
42ª DivisiónC.D. Leganés
83%
162ª DivisiónLevante U.D.
83%
91ª RFEFCórdoba C.F.
82%
51ª RFEFR.C. Recreativo de Huelva
82%
181ª RFEFReal Murcia C.F.
82%
422ª DivisiónReal Sporting de Gijón
80%
72ª DivisiónS.D. Eibar
80%
72ª DivisiónAlbacete Balompié
79%
41ª RFEFClub Gimnàstic de Tarragona
77%
6DesaparecidoBurgos C.F.
74%
3DesaparecidoReal Burgos C.F.
74%
12DesaparecidoU.D. Salamanca
74%
111ª RFEFC.D. Castellón
71%
202ª RFEFHércules de Alicante C.F.
70%
33ª RFEFReal Jaén C.F.
70%
42ª RFEFC.D. Numancia de Soria
65%
2DesaparecidoU.E. Lleida
62%
13ª RFEFXerez C.D.
61%
9DesaparecidoC.D. Logroñés
59%
11ª RFEFCultural y Deportiva Leonesa
56%
41ª RFEFReal Unión Club
56%
2DesaparecidoC.F. Extremadura
52%
62ª RFEFPontevedra C.F.
48%
2DesaparecidoC.P. Mérida
47%
4DesaparecidoS.D. Compostela
47%
141ª RFEFSabadell F.C.
45%
72ª RFEFArenas Club
42%
32ª RFEFC.E. Europa
42%
41ª RFEFC.D. Alcoyano
41%
1DesaparecidoC.A. Tetuán
32%
1DesaparecidoC.D. Condal
18%

Distribución de puntuación

Porcentaje por número respondido

Porcentaje de gente con cada puntuación

Historial de tus puntuaciones

No has intentado esta prueba desde el último reinicio